Loading...
| Painting/Sculpture | 0 | 2 | 0 | 0 | 20 | 32 | 63.00 | 1 | 1 | 6.71 | 10.00 |
| Fine Arts - Other | 0 | 1 | 0 | 1 | 10 | 99 | 99.00 | 0 | 0 | 0.00 | 0.91 |
| History - World | 0 | 1 | 0 | 0 | 10 | 52 | 52.00 | 0 | 0 | 4.63 | 4.55 |
| Literature - American | 0 | 1 | 0 | 0 | 10 | 65 | 65.00 | 0 | 1 | 3.57 | 3.64 |
| Mythology | 0 | 1 | 0 | 0 | 10 | 82 | 82.00 | 0 | 0 | 2.19 | 3.79 |
| Religion | 0 | 1 | 0 | 0 | 10 | 68 | 68.00 | 0 | 1 | 3.52 | 6.36 |
| Science - Biology | 0 | 1 | 0 | 0 | 10 | 73 | 73.00 | 0 | 0 | 2.03 | 2.73 |
| Science - Physics | 0 | 1 | 0 | 0 | 10 | 74 | 74.00 | 0 | 0 | 1.78 | 3.03 |
| Fine Arts - Classical Music | 0 | 1 | 0 | 0 | 10 | 90 | 90.00 | 0 | 0 | 2.33 | 4.13 |
| Science - Chemistry | 0 | 0 | 1 | 0 | -5 | 0.00 | 0 | 0 | 0.00 | 0.00 |